000 00653nam a22001577a 4500
008 170309b xxu||||| |||| 00| 0 eng d
082 _22016
_aUT 0703
_bAn22
100 _919260
_aAndales, Audrey Rose.
245 _aLinguistic Interference of Cebuano Dialect (L1) and the English Language Proficiency (L2) among Second Year English Major Students Of UMDC.
_cAudrey Rose Andales, Rowena T. Lobos and Irish C. Prejoles.
300 _a43 pages;
_b29 cm.
650 0 _919261
_aEducation
_vEnglish
_xUndegraduate Thesis.
700 _919262
_aAndales, Audrey Rose.
700 _919263
_aLobos, Rowena T.
700 _919264
_aPrejoles, Irish C.
942 _2ddc
_cUT
999 _c6388
_d6388